Statistics for Pub Quiz Round 6 - Movie Anagrams!

Click here to take the quiz!

General Stats

  • This quiz has been taken 521 times
  • The average score is 3 of 20

Answer Stats

AnagramMovie Title% Correct
1Act In ItTitanic
72%
6May Spin PropMary Poppins
53%
7Shy CopPsycho
50%
11He Trim TaxThe Matrix
47%
2Flip Into CupPulp Fiction
15%
13Prison Dash, We Thank EmShawshank Redemption
12%
14I Went Net, Chump JamWhite Men Can't Jump
9%
9A PrefaceCape Fear
7%
15Savvy Ranger in a PitSaving Private Ryan
7%
12Wed to the WhiningGone With the Wind
6%
18Bet She Rids PrinceThe Princess Bride
6%
3Nazi Neck TieCitizen Kane
4%
4Leave On SceneOcean's Eleven
4%
19Burnam Ate Ya IceAmerican Beauty
3%
20He Tall, Bad, NASCAR bigot. Hit by gay folk, bled.Talladega Nights: The Ballad of Ricky Bobby
3%
5Risk Hat For Oldest EraRaiders Of The Lost Ark
2%
8Rebel If No FaithThe Life of Brian
2%
10Her Roommate Has Bitten GuysThere's Something About Mary
2%
16Nope, I've Forbid Costner. Hi hoRobin Hood: Prince of Thieves
1%
17Ye Gig Man? Retch!The Crying Game
0%

Score Distribution

Percentile by Number Answered

Percent of People with Each Score

Your Score History

You have not taken this quiz